000
00227nam a22001217a 4500
040
_c
SK
082
_a
143
100
_a
NA
245
_a
Beneficiaires de mobilite
260
_a
RUA
_b
NA
_c
2013
300
_a
160p.
942
_c
EK
999
_c
10208
_d
10208